000 00327nam a2200133Ia 4500
008 240624s9999 xx 000 0 und d
041 _aeng
082 _a384.34 BRU
100 _aBRUNTON FINN
245 _aSPAM A SHADOW HISTORY OF THE INTERNET
260 _c2013
_aLondon
_bThe MIT Press
300 _a270 p.
365 _c
_b33
999 _c32753
_d32753